000 02317cam a22004454i 4500
003 PE-LiUPU
005 20250731165404.0
008 151001s2014 pe grm 000 0 spa d
035 _a(Sirsi) a154741
040 _aPE-LiUPU
_bspa
_cPE-LiUPU
_erda
099 _aTE 3
_bC18 2014
100 1 _aCalsin Molleapaza, Imelda
_eautor
245 1 _aHábitos ecológicos y la conservación del medio ambiente de los estudiantes del primer grado de educación secundaria del Colegio Adventista Pedro Kalbermatter, Juliaca, 2014 /
_cImelda Calsin Molleapaza.
264 0 _c2014.
300 _a118 hojas :
_c30 cm
336 _atext
_2rdacontent
337 _aunmediated
_2rdamedia
338 _avolume
_2rdacarrier
502 _aTesis
_b(Mg.) --
_cUniversidad Peruana Unión,
_d2014.
504 _aIncluye lista de referencias
520 3 _aLa importancia de hábitos ecológicos en nuestros tiempos es más que evidente dada las necesidades del medio ambiente, por las condiciones actuales de nuestro mundo puntualizadas por organismos internacionales, nacionales, regionales y locales. Esta investigación tuvo por objeto determinar en qué medida se relacional los hábitos ecológicos y la conservación del medio ambiente de los estudiantes del primer grado de educación secundaria del Colegio Adventista Pedro Kalbermatter, Juliaca 2014. Considerando los hábitos ecológicos como el más próximo a la conservación del medio ambiente. Además busca educar, comprometer a los estudiantes sobre el manejo y disposición adecuado de los residuos sólidos; se pretende dar un uso racional mediante la técnica del reciclaje y de esta manera colaboren, en el bienestar y futuro de todos. Y así formar una gran cadena de compromiso con el ambiente.
526 _aSEG44
526 _aSEG26
526 _aP151
526 _aP150
526 _aP149
526 _aP146
526 _aP145
526 _aP126
526 _aP125
526 _aP92
526 _aP75
526 _aP74
526 _aP27
526 _aP15
650 0 4 _aConservación del Medio ambiente
_xEducación secundaria
596 _a1
942 _2ddc
_cTESIS
999 _aTE 3 C18 2014
_wALPHANUM
_c7441
_iT01590
_lCCODEBUL3
_mBUL
_r1
_sY
_tTESIS
_u2015-10-1
_xPOSGRADO
_PP57
_o.STAFF. Tesis
_d7441
980 _81
_gALBERTO SANCHEZ Responsable de Automatización